<?xml version="1.0" encoding="UTF-8"?>
<marc:record xmlns:marc="http://www.loc.gov/MARC21/slim">
   <marc:leader>00000nam a2200000 a 4500</marc:leader>
   <marc:datafield ind1="1" ind2=" " tag="100">
      <marc:subfield code="a">Hasler, Eveline</marc:subfield>
      <marc:subfield code="4">aut</marc:subfield>
      <marc:subfield code="e">Verfasser/-in</marc:subfield>
   </marc:datafield>
   <marc:datafield ind1=" " ind2=" " tag="653">
      <marc:subfield code="a">Nationalsozialismus</marc:subfield>
   </marc:datafield>
   <marc:datafield ind1=" " ind2=" " tag="653">
      <marc:subfield code="a">Flucht</marc:subfield>
   </marc:datafield>
   <marc:datafield ind1=" " ind2=" " tag="653">
      <marc:subfield code="a">Migration</marc:subfield>
   </marc:datafield>
   <marc:datafield ind1=" " ind2=" " tag="653">
      <marc:subfield code="a">USA</marc:subfield>
   </marc:datafield>
   <marc:datafield ind1=" " ind2=" " tag="653">
      <marc:subfield code="a">Vereinigte Staaten Amerika</marc:subfield>
   </marc:datafield>
   <marc:datafield ind1=" " ind2=" " tag="653">
      <marc:subfield code="a">Künstler</marc:subfield>
   </marc:datafield>
   <marc:datafield ind1=" " ind2=" " tag="653">
      <marc:subfield code="a">Exil</marc:subfield>
   </marc:datafield>
   <marc:datafield ind1=" " ind2=" " tag="653">
      <marc:subfield code="a">Autor &lt;Schweiz&gt;</marc:subfield>
   </marc:datafield>
   <marc:datafield ind1="0" ind2="0" tag="245">
      <marc:subfield code="a">Mit dem letzten Schiff</marc:subfield>
   </marc:datafield>
   <marc:datafield ind1="0" ind2="0" tag="245">
      <marc:subfield code="b">der gefährliche Auftrag von Varian Fry</marc:subfield>
   </marc:datafield>
   <marc:datafield ind1=" " ind2="1" tag="264">
      <marc:subfield code="b">Nagel und Kimche</marc:subfield>
      <marc:subfield code="c">2013</marc:subfield>
   </marc:datafield>
   <marc:datafield ind1="1" ind2=" " tag="520">
      <marc:subfield code="a">Wahre Geschichte über Rettungsaktionen in der NS-Zeit. (GE) Das Buch schildert die wahren Erlebnisse einer Gruppe von Personen, die durch ihren Einsatz tausende Menschen vor der Verfolgung der Nazis retten. Während des Weltkrieges beschließt ein amerikanisches Komitee, bedrohte KünstlerInnen, darunter die Manns, Franz Werfel und Walter Mehring, von Europa in die USA zu bringen. Varian Fry wird ausgewählt, um vor Ort in Marseille die Künstler zu finden und ihnen mit gefälschten Papieren über die Grenze zu helfen. Durch Frys Arbeit werden auch andere Personen zum Helfen ermutigt, darunter zwei Krankenschwestern, die ein Kinderheim mit Waisen verteidigen und den Alltag in einem Lager durch ihre freiwillige Arbeit erleichtern. Der Stil des Buches ist ruhig und die Sprache sachlich und beschreibend. Interessant sind die kurzen Kommentare, wie die betroffenen Personen später über die Situation denken. Einige der Kapitel beschäftigen sich mit jeweils einer Person oder einer Personengruppe, wodurch der Text besondere Tiefe erhält. Das Buch zeigt die enormen Probleme dieser Zeit und der einzelnen betroffenen Personen. Es ist auch für Jugendliche ab 16 Jahren lehrreich und kann für alle Bibliotheken empfohlen werden.</marc:subfield>
   </marc:datafield>
   <marc:datafield ind1=" " ind2=" " tag="020">
      <marc:subfield code="a">9783312005536</marc:subfield>
      <marc:subfield code="9">9783312005536</marc:subfield>
   </marc:datafield>
</marc:record>
